LIBRARY & INFORMATION CENTRE, KCAET, TAVANUR

ONLINE PUBLIC ACCESS CATALOGUE (OPAC)

Manual of zoology / (Record no. 7211)

MARC details
000 -LEADER
fixed length control field 00464cam a2200193ua 4500
041 ## - LANGUAGE CODE
Language code of text/sound track or separate title eng
082 ## - DEWEY DECIMAL CLASSIFICATION NUMBER
Classification number 591
Item number EKA/MA
100 ## - MAIN ENTRY--AUTHOR NAME
Personal name Ekambaranatha, Ayyer .
245 ## - TITLE STATEMENT
Title Manual of zoology /
250 ## - EDITION STATEMENT
Edition statement 1 /
260 ## - PUBLICATION, DISTRIBUTION, ETC. (IMPRINT)
Place of publication Madras :
Name of publisher Central Art press ,
Year of publication 1964.
300 ## - PHYSICAL DESCRIPTION
Number of Pages 986 ; .
942 ## - ADDED ENTRY ELEMENTS (KOHA)
Koha item type Books
Holdings
Withdrawn status Lost status Damaged status Home library Current library Date acquired Full call number Accession Number Koha item type Cost, normal purchase price Public note
Withdrawn     KAUAET KAUAET 07/04/2012 591 8181 Books    
Withdrawn     KAUAET Sanskrit University 07/04/2012 591 7410 Books 22.00 Transferred to Sanskrit University
free website counter